Top Universities in the USA (2024) - Statistics

General Stats
  • This quiz has been taken 64 times
  • The average score is 8 of 14
Answer Stats
Answer % Correct
Harvard
96%
Yale
96%
Princeton
86%
Stanford
81%
MIT
77%
Columbia
70%
Brown
65%
Cornell
65%
Duke
49%
Northwestern
47%
Johns Hopkins
37%
University of Chicago
32%
University of Pennsylvania
25%
California Institute of Technology
16%
No matching quizzes found
Score Distribution
Percent of People with Each Score
Percentile by Number Answered
Your Score History
You have not taken this quiz